Najrzadziej zgadywane państwa świata - Statystyki

Ogólne statystyki
  • Ten quiz został rozwiązany 44 razy
  • Średni wynik to 13 z 20
Statystyki odpowiedzi
% Państwo % Poprawnych
13 Vanuatu
85%
14 Saint Lucia
80%
13 Saint Kitts i Nevis
76%
12 Saint Vincent i Grenadyny
76%
13 Nauru
71%
14 Palau
71%
14 Antigua i Barbuda
68%
13 Tuvalu
68%
12 Grenada
66%
17 Timor Wschodni
66%
15 Kiribati
63%
14 Samoa
63%
16 Brunei
61%
15 Komory
59%
13 Tonga
56%
15 Burundi
54%
17 Mauritius
54%
17 Eswatini
51%
16 Malawi
41%
16 Sierra Leone
27%
Nie znaleziono quizów pasujących do podanych kryteriów
Rozkład punktacji
Procent ludzi z każdym wynikiem
Percentyl według liczby udzielonych odpowiedzi
Twoja historia wyników
Nie rozwiązałeś tego quizu